000 00433pab a2200157 454500
008 180718b2002 xxu||||| |||| 00| 0 eng d
100 _aWalker, David M.
245 _a9/11: the implications for public sector management
260 _c2002
300 _ap.94-97.
362 _aSep
650 _aPublic administration - United States
650 _aPublic administration
773 _aPublic Administration Review
909 _a54989
999 _c54989
_d54989